| 000 | 01197nam a2200337 c 4500 | ||
|---|---|---|---|
| 001 | 13875 | ||
| 003 | ES-MaCES | ||
| 005 | 20180131142515.0 | ||
| 008 | 020723s2002 au t u100 | eng d | ||
| 035 | _aCES20020009324m | ||
| 040 |
_aES-MaCES _bspa _cES-MaCES |
||
| 041 | 0 |
_aeng _afre _ager _aspa |
|
| 111 | 2 |
_aWorld Congress for Safety and Heath at Work _n16º _d2000 _cVienna _9753 |
|
| 245 | 1 | 0 |
_aProceedings / XVIth World Congress on Safety and Health at Work, 26-31 May 2002, Vienna, Austria _hRecurso electrónico |
| 260 |
_aVienna _b[ILO etc.] _c2002 |
||
| 300 |
_a1 CD-ROM _c12 cm |
||
| 500 | _aTextos en inglés, español, francés y alemán | ||
| 500 | _aTít. tomado de la etiqueta del CD-ROM | ||
| 500 | _aCaracterísticas del sistema: Hybrid-CD, windows / MacOS | ||
| 541 | _cGratuito | ||
| 650 | 4 |
_aseguridad en el trabajo _928348 |
|
| 650 | 4 |
_asalud en el trabajo _928347 |
|
| 650 | 4 |
_aprevención _929707 |
|
| 650 | 4 |
_aconferencia _927013 |
|
| 650 | 4 |
_aCD ROM _930331 |
|
| 653 | 1 | 0 | _aSalud |
| 710 | 2 |
_94718 _aOrganización Internacional del Trabajo _eed. |
|
| 902 | _aELE PUB. ELECTRONICA | ||
| 942 |
_2CES _cBK _h3.1. |
||
| 999 |
_c13875 _d13875 |
||